Тунел през въздуха (Запис номер 381321)
[ съкратено ]
| 000 -Лидер | |
|---|---|
| Контролно поле с фиксирана дължина | 01325nam a2200373 a 4500 |
| 003 - Код на организацията, давaща контролен номер | |
| Контролно поле | BLK |
| 005 - Дата и час на последна редакция | |
| Контролно поле | 20250617130053.0 |
| 008 - Елементи от данни с фиксирана дължина | |
| fixed length control field | 200811b bu ||||| |||| 00| 0 bu d |
| 020 ## - Международен стандартен номер на книга ISBN | |
| Международен стандартен номер на книга ISBN | 9789546559852 |
| 040 ## - Източник на каталожния запис | |
| Идентификатор на билиотеката - собственик на записа | BLK |
| 041 ## - Код за език | |
| Код за езика на текст/звукозапис или на отделно заглавие | Български |
| Код за езика КДБФ | Български |
| 080 ## - УДК | |
| Текстов определител УДК | Американска литература (на САЩ) |
| УДК код - определител по УДК | 821.111(73) |
| УДК определител | -312.2 |
| УДК - код + определител | 821.111(73)-312.2 |
| 080 ## - УДК | |
| Текстов определител УДК | Астрология |
| УДК код - определител по УДК | 133.52 |
| УДК определител | 133.52 |
| УДК - код + определител | 133.52 |
| 100 ## - Редна дума - Автор | |
| Автор | Ган, Уилям |
| Авторска отговорност | първи автор |
| R(LIN) | 1299 |
| 139 ## - Редно поле | |
| Редна дума | Ган, Уилям |
| Авторски знак | Ган - Г 19 |
| 245 ## - Сведения за заглавието | |
| Заглавие | Тунел през въздуха |
| Редно поле (дума) | Уилям Ган; прев. Милко Стоименов |
| Подзаглавни данни | Роман |
| 260 ## - Област на издателските данни | |
| 9 (RLIN) | 209457 |
| Място на издаване, разпространение и проч. | София |
| Име на издателя, разпространителя и проч. | Бард |
| Година на издаване | 2020 |
| 300 ## - Физическа характеристика | |
| Страници | 368 с. |
| Размери/Мащаб | 20 см |
| 380 ## - Жанр | |
| Жанр | Худож. лит. |
| 500 ## - Общи забележки | |
| Забележка | Ориг. загл. : The tunnel thru the air / W. D. Gann |
| 653 #7 - Ключова дума – ненормативна | |
| 9 (RLIN) | 181930 |
| Ключова дума | бизнес |
| 653 #7 - Ключова дума – ненормативна | |
| 9 (RLIN) | 195714 |
| Ключова дума | романи |
| 653 #7 - Ключова дума – ненормативна | |
| 9 (RLIN) | 191132 |
| Ключова дума | мистика |
| 653 #7 - Ключова дума – ненормативна | |
| 9 (RLIN) | 199459 |
| Ключова дума | фондови борси |
| 653 #7 - Ключова дума – ненормативна | |
| 9 (RLIN) | 194412 |
| Ключова дума | предсказания |
| 700 ## - Други автори (авторска отговорност) | |
| Лично име | Стоименов, Милко Христов |
| 9 (RLIN) | 365369 |
| 852 ## - Местоположение | |
| Форматна сигнатура | Цб 306757 |
| Фондова буква | Хранилище |
| 999 ## - СИСТЕМНИ КОНТРОЛНИ НОМЕРА | |
| Koha biblionumber | 381321 |
| Koha biblioitemnumber | 381321 |
| 942 ## - АРТИКУЛИ | |
| Източник на класификационната схема | Universal Decimal Classification |
| Вид на библиотечния материал | Книги |
| Скрит в OPAC | Не |
| Периодичен библиозапис | Да |
| Koha issues (borrowed), all copies | 19 |
| 944 ## - СЪЗДАВАНЕ И РЕДАКЦИЯ на ЗАПИСА | |
| Създаване/Редакция | Създаване |
| Дата на регистрацията/редакция | 2020-08-11 |
| Служител, извършил регистрацията/редакцията | 30531 |
| Статус, дата на статуса | Цветелина Шанова |
| 999 ## - СИСТЕМНИ КОНТРОЛНИ НОМЕРА | |
| Koha biblioitemnumber | 381321 |
| 999 ## - СИСТЕМНИ КОНТРОЛНИ НОМЕРА | |
| Koha biblioitemnumber | 381321 |
| 999 ## - СИСТЕМНИ КОНТРОЛНИ НОМЕРА | |
| Koha biblioitemnumber | 381321 |
| 999 ## - СИСТЕМНИ КОНТРОЛНИ НОМЕРА | |
| Koha biblioitemnumber | 381321 |
| Код за отписване | Код за изгубен артикул | Източник на класификационната схема | Код за повреда | Коз за рестрикции | Код за отдаване | Артикулен № | Име на библиотеката - собственик | Име на библиотеката, в която се намира в момента | Статус (Текущо местоположение) | Дата на вписване в системата | Местоположение - отдел | Цена в лева | Систематично азбучна сигнатура | Баркод | Цена в евро | Служебен тип на артикула |
|---|---|---|---|---|---|---|---|---|---|---|---|---|---|---|---|---|
| Не е изгубен | Universal Decimal Classification | Не е повреден | без рестрикции | заемане за дома | 802420 | Регионална библиотека "Любен Каравелов" Русе | Регионална библиотека "Любен Каравелов" Русе | Заемна - подръчен фонд | 2020-10-02 | Заемна - подръчен фонд | 13.59 | 821-31/Г 19 У | 120000848470 | 6.95 | Книги | |
| Не е изгубен | Universal Decimal Classification | Не е повреден | без рестрикции | заемане за дома | 802421 | Регионална библиотека "Любен Каравелов" Русе | Регионална библиотека "Любен Каравелов" Русе | Заемна - подръчен фонд | 2020-10-02 | Заемна - подръчен фонд | 13.59 | 821-31/Г 19 У | 120000848471 | 6.95 | Книги | |
| Не е изгубен | Universal Decimal Classification | Не е повреден | само за читалня | ползва се в читалня | 815246 | Регионална библиотека "Любен Каравелов" Русе | Регионална библиотека "Любен Каравелов" Русе | Хранилище | 2021-03-09 | Хранилище | 19.99 | Цб 306757 | 120000852554 | 10.22 | Книги |